Sports Quiz

Random Sports or Play Quiz

Which of these players plays in the NBA Quiz Stats

 Plays Quiz not verified by Sporcle

Challenge
Share
Tweet
Embed
Score 0/7 Timer 02:00
0 Plays Today
% Correct
Dwayne Wade
100%
Kevin Love
100%
Andrew Wiggins
100%
Stephen Curry
99.2%
Marcus Smart
97%
Damian Lillard
96.2%
Glen Davis
94%

You're not logged in!

Compare scores with friends on all Sporcle quizzes.
Join for Free
OR
Log In

You Might Also Like...

Show Comments

Extras

Top Quizzes Today


Score Distribution

Your Account Isn't Verified!

In order to create a playlist on Sporcle, you need to verify the email address you used during registration. Go to your Sporcle Settings to finish the process.

Report this User

Report this user for behavior that violates our Community Guidelines.

Details: